00918nam a2200253Ia 4500008004100000020001500041040001800056041000800074100002900082245011100111250001200222260008900234300001800323490004100341504003800382610003800420630002500458630002000483630002000503650003100523650002100554650003900575650005000614130821s ck gr spa  a9589421229 aCo-BoUCMbspa00aspa aCordoba Triviño, Jaime00aCalidad de atención a los usuarios en las empresas de servicios domiciliarioscJaime Córdoba Triviño a1a. ed. aBogotá (Cundinamarca, Colombia)bBiblioteca Jurídica Dikéc[fecha desconocida] a296 páginas aBiblioteca de Derechos Colectivos, 4 aIncluye índice y bibliografía aColombiabDefensoría del Pueblo aDecreto 1842 de 1991 aLey 142 de 1994 aLey 143 de 199404aAdministración pública04aBienestar social04aServicios públicos domiciliarios04aServicios públicosxLegislaciónzColombia